000 01635nam a2200241Ia 4500
999 _c55491
_d55491
001 22573
003 GE_BSU
005 20220920165841.0
008 181216s2008||||ge |||||||||||||| ||geo||
040 _cGE_BSU
041 _ageo
080 _a63 ტ-12
100 _aვადაჭკორია, ნინო
_910614
245 _aდასავლეთ საქართველოში გავრცელებული თხილის ზოგიერთი ჯიშის ბიოლოგიურად აქტიური ნივთიერებების შესწავლა : დისერტაცია /
_cნინო ვადაჭკორია; სამეცნ. ხელმძღვანელი რ. გახოკიძე; შოთა რუსთაველის სახ. უნივერსიტეტი.
264 _aბათუმი,
_b
_c2008.
300 _a140 გვ. ;
_b30 სმ.
653 _aდასავლეთ საქართველოში გავრცელებული თხილის ზოგიერთი ჯიშის ბიოლოგიურად აქტიური ნივთიერებების შესწავლა
653 _aმემცენარეობა
653 _aდისერტაცია
700 _aგახოკიძე, რ.
_eსამეცნიერო ხელმძღვანელი
_91095
710 _aშოთა რუსთაველის სახელმწიფო უნივერსიტეტი
_910615
942 _cBK
_2udc